Fill-in-the-Letters by Category II Quiz Stats

Quiz Updated Mar 16, 2012

Challenge
Share
Tweet
Embed
Score 0/36 Timer 08:00
0 Plays Today
% Correct
Venus
99%
Mars
99%
Uranus
98.9%
Earth
96.9%
one
95.1%
Saturn
93.8%
three
90.1%
ten
87.1%
eleven
86%
Neptune
82.5%
Taft
78.2%
seven
76.1%
Nixon
73%
nineteen
70%
Eisenhower
66.7%
Stockholm
58.6%
Harrison
57.3%
Rome
56.8%
% Correct
Death
50.6%
Amsterdam
50.3%
Berlin
48.4%
Truman
43.3%
Underwood
39.1%
Clarkson
34.9%
Judgment
29.8%
Studdard
27.9%
Riga
26%
DeWyze
20.3%
Pierce
18.3%
Prague
18.2%
Sparks
14.9%
The Tower
13.1%
Barrino
12.3%
Justice
11.6%
Temperance
3.4%
The Chariot
3%

You're not logged in!

Compare scores with friends on all Sporcle quizzes.
Sign Up with Email
OR
Log In

You Might Also Like...

Show Comments

Extras

Top Quizzes Today


Score Distribution

Your Account Isn't Verified!

In order to create a playlist on Sporcle, you need to verify the email address you used during registration. Go to your Sporcle Settings to finish the process.